000 00621nam a2200229Ia 4500
003 OSt
005 20221007070744.0
006 a|||||r|||| 00| 0
007 ta
008 221006b |||||||| |||| 00| 0 eng d
024 _a19,652
037 _cTextual
040 _aFLL
_cFLL
_beng
041 _2eng
_aeng
082 _aZ1:81, K7
100 _aSanders P.
_9687640
245 0 _aInternational arbitration liber amicorum for martin domke
260 _aHauge
_bMartinus nijhoff Netherland
_c1967
300 _a355p
_ccm.
942 _hZ1:81, K7
_cTEXL
_2CC
999 _c1141444
_d1141444